Fridtjof, el vikingo del amor (Record no. 180946)

MARC details
000 -LEADER
campo de control de longitud fija 00636nam a2200205 i 4500
001 - NÚMERO DE CONTROL
campo de control 180946
003 - IDENTIFICADOR DE NÚMERO DE CONTROL
campo de control ES-MaACL
005 - FECHA Y HORA DE LA ÚLTIMA TRANSACCIÓN
campo de control 20230906221227.0
008 - DATOS DE LONGITUD FIJA--INFORMACIÓN GENERAL
campo de control de longitud fija 120903q19501960sp |||| | spa d
080 ## - NÚMERO DE LA CLASIFICACIÓN DECIMAL UNIVERSAL
Número de la Clasificación Decimal Universal 821-134.2-32"19"
245 00 - MENCIÓN DEL TÍTULO
Título Fridtjof, el vikingo del amor
Resto del título : leyenda escandinava /
Mención de responsabilidad, etc. portada de Coll.
260 ## - PUBLICACIÓN, DISTRIBUCIÓN, ETC.
Lugar de publicación, distribución, etc. Barcelona :
Nombre del editor, distribuidor, etc. Ediciones G. P.,
Fecha de publicación, distribución, etc. [195-?]
300 ## - DESCRIPCIÓN FÍSICA
Extensión 62 p. ;
Dimensiones 11 cm.
490 1# - MENCIÓN DE SERIE
Mención de serie Enciclopedia Pulga ;
Designación de volumen o secuencia 34
650 #4 - PUNTO DE ACCESO ADICIONAL DE MATERIA--TÉRMINO DE MATERIA
Término de materia o nombre geográfico como elemento de entrada Leyendas-
Subdivisión geográfica Escandinavia.
9 (RLIN) 151398
700 1# - ENTRADA AGREGADA--NOMBRE PERSONAL
Nombre de persona Coll, Alejandro.
9 (RLIN) 39607
830 0# - PUNTO DE ACCESO ADICIONAL DE SERIE-TÍTULO UNIFORME
Título uniforme Enciclopedia Pulga ;
Designación de volumen o secuencia 34
9 (RLIN) 191296
852 ## - LOCALIZACIÓN
Ubicación ES-MaACL
Número de control de estantería 2311-F-34
Holdings
Estatus retirado Estado de pérdida Estado de daño No para préstamo Colección Biblioteca de origen Biblioteca actual Ubicación en estantería Fecha de adquisición Fuente de adquisición Total de préstamos Signatura topográfica completa Código de barras Visto por última vez Precio de reemplazo Tipo de ítem Koha
        Colección de folletos Biblioteca del Ateneo de Madrid Biblioteca del Ateneo de Madrid Depósito folletos 03/09/2012     2311-F-34 1190143 23/02/2023 23/02/2023 Folleto